[Event "GER-chT U20"]
[Site "Greifswald"]
[Date "2002.12.29"]
[Round "5.4"]
[White "Schukwani, Irina"]
[Black "Schmid, Michael3333"]
[Result "0-1"]
[WhiteElo "1612"]
[BlackElo "1855"]
[PlyCount "58"]
[EventDate "2002.12.27"]
[EventType "team"]
[EventRounds "7"]
[EventCountry "GER"]
[SourceTitle "CBM 092 Extra"]
[Source "ChessBase"]
[SourceDate "2003.03.07"]
[SourceVersion "1"]
[SourceVersionDate "2003.03.07"]
[SourceQuality "1"]

1. e4 e6 2. d4 d5 3. Nc3 Nf6 4. exd5 exd5 5. Bd3 Bd6 6. Qe2+ Be6 7. Nf3 0-0 8. 0-0 Re8 9. Ne5 Nc6 10. Nxc6 bxc6 11. Bg5 Rb8 12. Nd1 Bf5 13. Qd2 Bxd3 14. cxd3 Re6 15. f4 Qe8 16. Bxf6 Re2 17. Qc1 gxf6 18. b3 Bb4 19. Nf2 Bd2 20. Qd1 Qe3 21. a3 Bc3 22. Rc1 Bxd4 23. Rc2 Re8 24. h3 Rxc2 25. Qxc2 Qxf4 26. Qd1 f5 27. Qc2 c5 28. Kh1 Be5 29. g3 Qf3+ 0-1

[Event "GER-chT U20"]
[Site "Greifswald"]
[Date "2002.12.28"]
[Round "4.4"]
[White "Guertler, Franz Josef"]
[Black "Schukwani, Irina"]
[Result "0-1"]
[WhiteElo "1737"]
[BlackElo "1612"]
[PlyCount "94"]
[EventDate "2002.12.27"]
[EventType "team"]
[EventRounds "7"]
[EventCountry "GER"]
[SourceTitle "CBM 092 Extra"]
[Source "ChessBase"]
[SourceDate "2003.03.07"]
[SourceVersion "1"]
[SourceVersionDate "2003.03.07"]
[SourceQuality "1"]

1. c4 Nf6 2. Nc3 e6 3. g3 d5 4. cxd5 exd5 5. Bg2 c6 6. d3 Be7 7. Nf3 Nbd7 8. 0-0 0-0 9. a3 b6 10. b4 Bb7 11. Bb2 Rc8 12. Nd2 Ba8 13. Qb3 Re8 14. a4 Bf8 15. e3 Ne5 16. Ne2 c5 17. bxc5 bxc5 18. Rfc1 Rb8 19. Qc2 Rxb2 20. Qxb2 Nxd3 21. Qb5 Nxc1 22. Rxc1 Re6 23. Nf4 Rb6 24. Qd3 Rb8 25. Nb1 c4 26. Qf5 g6 27. Qg5 h6 28. Qe5 Ng4 29. Qd4 Bg7 30. Qd1 Nf6 31. Nc3 Rb2 32. Ncxd5 Nxd5 33. Nxd5 Bxd5 34. Bxd5 Qf6 35. f4 c3 36. Rc2 Qb6 37. Qd3 Rxc2 38. Qxc2 Qxe3+ 39. Kf1 Qb6 40. Qe4 Qc7 41. Bb3 Qd7 42. Qxg6 Qb7 43. Bc4 Qh1+ 44. Kf2 Qxh2+ 45. Kf1 Qh3+ 46. Kg1 Qd7 47. Qe4 Qd4+ 0-1

[Event "GER-chT U20"]
[Site "Greifswald"]
[Date "2002.12.27"]
[Round "2.5"]
[White "Schukwani, Irina"]
[Black "Grzelke, Stefan"]
[Result "0-1"]
[WhiteElo "1612"]
[BlackElo "991"]
[PlyCount "110"]
[EventDate "2002.12.27"]
[EventType "team"]
[EventRounds "7"]
[EventCountry "GER"]
[SourceTitle "CBM 092 Extra"]
[Source "ChessBase"]
[SourceDate "2003.03.07"]
[SourceVersion "1"]
[SourceVersionDate "2003.03.07"]
[SourceQuality "1"]

1. e4 e5 2. Nf3 Nf6 3. d3 Nc6 4. c3 d5 5. exd5 Nxd5 6. Be2 Bc5 7. 0-0 0-0 8. b4 Bb6 9. b5 Na5 10. Nxe5 Qe8 11. d4 Bf5 12. Bd3 Bxd3 13. Qxd3 c6 14. bxc6 Nxc6 15. Ba3 Nce7 16. c4 Nf4 17. Qe4 Bxd4 18. Qxf4 Bxa1 19. Nf3 Bf6 20. Nbd2 Qc6 21. Ne4 Rfe8 22. Nd6 Ng6 23. Qf5 Re6 24. Nd4 Nh4 25. Nxc6 Nxf5 26. Nxf5 Rxc6 27. Ne3 Bd4 28. Rc1 Bxe3 29. fxe3 Rac8 30. Rb1 b6 31. Kf2 Rxc4 32. Kf3 f6 33. Bd6 Kf7 34. Rb3 Ke6 35. Bg3 R4c6 36. Rd3 a6 37. Rd4 f5 38. h4 b5 39. Bh2 Re8 40. Bf4 Re7 41. Rd8 Rd7 42. Re8+ Kf7 43. Re5 g6 44. h5 Rc2 45. hxg6+ hxg6 46. Bg5 Rxa2 47. Bh4 Rad2 48. Rc5 R2d6 49. Bg3 Rb6 50. Bc7 Rb7 51. Be5 a5 52. Rc6 a4 53. Rf6+ Ke8 54. Rxg6 a3 55. Re6+ Re7 0-1